All Olympic Football winner coutries - Statistics

General Stats
  • This quiz has been taken 19 times
  • The average score is 24 of 29
Answer Stats
Hint Answer % Correct
2004 Argentina
100%
2008 Argentina
100%
2016 Brazil
100%
2020 Brazil
100%
1992 Spain
100%
2024 Spain
100%
1984 France
94%
1900 Great Britain
94%
1908 Great Britain
94%
1912 Great Britain
94%
1956 Soviet Union
94%
1988 Soviet Union
94%
1896 Greece
88%
1936 Italy
88%
2012 Mexico
88%
1996 Nigeria
88%
1904 Canada
82%
1924 Uruguay
82%
1928 Uruguay
82%
1980 Czechoslovakia
76%
1948 Sweden
76%
1960 Yugoslavia
76%
1920 Belgium
71%
1952 Hungary
65%
1964 Hungary
65%
1968 Hungary
65%
1976 West Germany
65%
1972 Poland
59%
2000 Cameroon
41%
No matching quizzes found
Score Distribution
Percent of People with Each Score
Percentile by Number Answered
Your Score History
You have not taken this quiz